Municipalities of South Carolina Counties- York - Statistics

General Stats
  • This quiz has been taken 25 times
  • The average score is 5 of 9
Answer Stats
Population (2020) Municipality % Correct
8,503 York
95%
74,372 Rock Hill
85%
24,521 Fort Mill
80%
6,671 Clover
65%
12,832 Tega Cay
60%
55 Smyrna
50%
280 McConnells
30%
462 Sharon
25%
449 Hickory Grove
20%
No matching quizzes found
Score Distribution
Percent of People with Each Score
Percentile by Number Answered
Your Score History
You have not taken this quiz